000
00329nam a2200133Ia 4500
008
240624s9999 xx 000 0 und d
041
_a
eng
082
_a
332.632042 KEN
100
_a
KENNEDY DOUGLAS
245
_a
STOCHASTIC FINANCIAL MODELS
260
_c
2010
_a
London
_b
Chapman & Hall
300
_a
264 : p.
365
_c
BPS
_b
27
999
_c
18050
_d
18050